| 000 | 01479nam a2200181Ia 4500 | ||
|---|---|---|---|
| 008 | 151202s9999||||xx |||||||||||||| ||und|| | ||
| 082 | _bPNVM-1623 | ||
| 100 | _aसरदेसाई गो. स. | ||
| 245 | _a"पेशवे दप्तरातून निवडलेले कागद, पेशव्यांच्या रोजनिशितील उतारे 32 उत्तर कालिन पेशवे कौटुंबिक राहणी ते 35 इंग्रजांच्या साष्टीवर हल्ला." | ||
| 260 | _bGOVT. OF BOMBAY. | ||
| 260 | _c0 | ||
| 300 | _a0 | ||
| 600 | _aसरदेसाई गो. स. | ||
| 630 | _a"पेशवे दप्तरातून निवडलेले कागद, पेशव्यांच्या रोजनिशितील उतारे 32 उत्तर कालिन पेशवे कौटुंबिक राहणी ते 35 इंग्रजांच्या साष्टीवर हल्ला." | ||
| 700 | _aसरदेसाई गो. स. | ||
| 730 | _a"पेशवे दप्तरातून निवडलेले कागद, पेशव्यांच्या रोजनिशितील उतारे 32 उत्तर कालिन पेशवे कौटुंबिक राहणी ते 35 इंग्रजांच्या साष्टीवर हल्ला." | ||
| 942 | _cBOOK | ||
| 999 |
_c1267621 _d1267618 |
||